01008nam a2200193 i 450000100060000000300090000600500170001500700030003200800410003524500350007626000320011130000220014349000390016550503920020483000470059685200320064399900170067595201220069261000ES-MaACL20230906164340.0t|031110s1969 sp ||||1| spa d00aEstudios de literatura latina. aMadrid : bTaurus, c[1969] a206 p. ; c24 cm.1 aCuadernos de la Fundación Pastor8 aContiene: La épica latina tradiciona / por Juan Gil. Plautus, sui imítator? / por José Antonio Correo. Hispania como tema político en la obra de Julio César / por Sebastián Mariner. Valoración ideológica y estética de las "Metamorfosis de Oviedo" / por Antonio Ruíz de Elvia. De la moral a la política : las "cartas a Lucilio" de Séneca / por Rosa María Francia0 aCuadernos de la Fundación Pastor9182742 aES-MaACLjC-36568 bR.69895 c61000d61000 00104070aATENEOMbATENEOMcDEPO2d2008-01-17eSCl0oC-36568p1063968r2023-02-23 00:00:00w2023-02-23yMONOGRAFIA